Trouvez les joueuses féminines les plus titrés - Wimbledon - Statistiques

Statistiques générales
  • Ce quiz a été pris 7 fois
  • Le résultat moyen est 5 sur 6
Statistiques - réponses
Nombre et dates de chaques victoires Origines Joueuses % Correct
7 victoires : 2002, 2003, 2009, 2010, 2012, 2015 et 2016 Américaine Serena Williams
100%
7 victoires : 1988, 1989, 1991, 1992, 1993, 1995 et 1996 Allemande Steffi Graf
100%
5 victoires : 2000, 2001, 2005, 2007 et 2008 Américaine Venus Williams
100%
3 victoires : 1974, 1976 et 1981 Américaine Chris Evert
57%
9 victoires : 1978, 1979, 1982, 1983, 1984, 1985, 1986, 1987 et 1990 Tchécoslovaque Martina Navratilova
57%
4 victoires : 1966, 1967, 1968 et 1972 Américaine Billie Jean King
43%
Aucun quiz correspondant
Distribution des résultats
% des personnes avec chaque résultat
Percentile par nombre de réponses
Votre historique - résultats
Vous n’avez pas pris ce quiz